Sikap tamak selalu rugi (Record no. 158359)

MARC details
000 -LEADER
fixed length control field 00785nam a2200277 i 4500
001 - CONTROL NUMBER
control field C2-0211679
003 - CONTROL NUMBER IDENTIFIER
control field PPAK
005 - DATE AND TIME OF LATEST TRANSACTION
control field 20180728102500.0
008 - FIXED-LENGTH DATA ELEMENTS--GENERAL INFORMATION
fixed length control field 990324s1998 my a|||| ||||| | may d
020 ## - INTERNATIONAL STANDARD BOOK NUMBER
International Standard Book Number 9838271616
040 ## - CATALOGING SOURCE
Original cataloging agency PPAK
Language of cataloging eng
Transcribing agency PPAK
Description conventions rda
082 04 - DEWEY DECIMAL CLASSIFICATION NUMBER
Classification number 899.233
Edition number 23
090 00 - LOCALLY ASSIGNED LC-TYPE CALL NUMBER (OCLC); LOCAL CALL NUMBER (RLIN)
Classification number (OCLC) (R) ; Classification number, CALL (RLIN) (NR) 899.233
Feature heading JAY
Feature heading G
Classification number (OCLC) (R) ; Classification number, CALL (RLIN) (NR) 899.233
Feature heading JAY
Feature heading K
100 0# - MAIN ENTRY--PERSONAL NAME
Personal name Jayanthi Josephine,
Relator term author
245 10 - TITLE STATEMENT
Title Sikap tamak selalu rugi
264 #1 - PRODUCTION, PUBLICATION, DISTRIBUTION, MANUFACTURE, AND COPYRIGHT NOTICE
Place of production, publication, distribution, manufacture Kuala Lumpur :
Name of producer, publisher, distributor, manufacturer Pustaka Bakti Wira ,
Date of production, publication, distribution, manufacture, or copyright notice 1998
300 ## - PHYSICAL DESCRIPTION
Extent 16 pages :
Other physical details colour illustrations ;
Dimensions 21 cm
336 ## - CONTENT TYPE
Source rdacontent
Content type term text
337 ## - MEDIA TYPE
Source rdamedia
Media type term unmediated
338 ## - CARRIER TYPE
Source rdacarrier
Carrier type term volume
490 1# - SERIES STATEMENT
Series statement Siri Bacaan Mega Ria
650 10 - SUBJECT ADDED ENTRY--TOPICAL TERM
Topical term or geographic name entry element Children's stories, Malay
830 #0 - SERIES ADDED ENTRY--UNIFORM TITLE
Uniform title Siri Bacaan Mega Ria
942 ## - ADDED ENTRY ELEMENTS (KOHA)
-- dc
Koha item type Book
Holdings
Withdrawn Not for loan Current library Shelving location Date acquired Full call number Barcode Date last seen Koha item type Total Checkouts
    Perpustakaan Baling Pinjaman Dewasa 21/04/2003 899.233 JAY A00924091 01/06/2018 Book  
    Perpustakaan Baling Pinjaman Dewasa 21/04/2003 899.233 JAY A00924092 01/06/2018 Book  
    PD24, Felda Bukit Tangga, Bukit Kayu Hitam Pinjaman Kanak-kanak 14/02/2000 K 899.233 JAY A00894962 01/06/2018 Book  
    PD24, Felda Bukit Tangga, Bukit Kayu Hitam Pinjaman Kanak-kanak 14/02/2000 K 899.233 JAY A00894963 01/06/2018 Book  
    PD27, Kg. Bendang Bukit, Pendang Pinjaman Kanak-kanak 06/06/2000 K 899.233 JAY A00924089 01/06/2018 Book  
    PD27, Kg. Bendang Bukit, Pendang Pinjaman Kanak-kanak 06/06/2000 K 899.233 JAY A00924090 01/06/2018 Book